Powiaty według rangi zaludnienia - zaznaczanie pól - Statystyki

Ogólne statystyki
  • Ten quiz został rozwiązany 12 razy
  • Średni wynik to 32 z 48
Statystyki odpowiedzi
Zagadnienie Komórka Select % Poprawnych
z populacją mniejszą, niż 50 tysięcy człuchowski Nie
100%
z populacją mniejszą, niż 50 tysięcy przasnyski Nie
100%
z populacją mniejszą, niż 50 tysięcy wałecki Nie
100%
z populacją co najmniej 151 tysięcy krotoszyński Nie
89%
z populacją mniejszą, niż 50 tysięcy leski Tak
89%
z populacją mniejszą, niż 50 tysięcy lubański Nie
89%
z populacją między 101 tysięcy a 150 tysięcy nowosądecki Nie
89%
z populacją między 101 tysięcy a 150 tysięcy poznański Nie
89%
z populacją między 51 tysięcy a 100 tysięcy raciborski Nie
89%
z populacją co najmniej 151 tysięcy ropczycko-sędziszowski Nie
89%
z populacją co najmniej 151 tysięcy rzeszowski Tak
89%
z populacją mniejszą, niż 50 tysięcy sejneński Tak
89%
z populacją między 51 tysięcy a 100 tysięcy stargardzki Nie
89%
z populacją co najmniej 151 tysięcy staszowski Nie
89%
z populacją między 51 tysięcy a 100 tysięcy międzyrzecki Tak
78%
z populacją co najmniej 151 tysięcy niżański Nie
78%
z populacją co najmniej 151 tysięcy oławski Nie
78%
z populacją między 51 tysięcy a 100 tysięcy płocki Nie
78%
z populacją mniejszą, niż 50 tysięcy sokołowski Nie
78%
z populacją mniejszą, niż 50 tysięcy węgorzewski Tak
78%
z populacją między 101 tysięcy a 150 tysięcy dębicki Tak
67%
z populacją między 51 tysięcy a 100 tysięcy kolbuszowski Tak
67%
z populacją między 101 tysięcy a 150 tysięcy nyski Tak
67%
z populacją mniejszą, niż 50 tysięcy rycki Nie
67%
z populacją między 51 tysięcy a 100 tysięcy sieradzki Nie
67%
z populacją między 101 tysięcy a 150 tysięcy wejherowski Nie
67%
z populacją między 101 tysięcy a 150 tysięcy będziński Tak
56%
z populacją między 101 tysięcy a 150 tysięcy cieszyński Nie
56%
z populacją mniejszą, niż 50 tysięcy łosicki Tak
56%
z populacją między 51 tysięcy a 100 tysięcy łukowski Nie
56%
z populacją między 51 tysięcy a 100 tysięcy olkuski Nie
56%
z populacją co najmniej 151 tysięcy radomski Tak
56%
z populacją między 101 tysięcy a 150 tysięcy starogardzki Tak
56%
z populacją co najmniej 151 tysięcy świdnicki (Świdnica) Tak
56%
z populacją co najmniej 151 tysięcy świdnicki (Świdnik) Nie
56%
z populacją co najmniej 151 tysięcy zgierski Tak
56%
z populacją między 51 tysięcy a 100 tysięcy kluczborski Tak
44%
z populacją co najmniej 151 tysięcy miński Tak
44%
z populacją co najmniej 151 tysięcy nowotarski Tak
44%
z populacją między 51 tysięcy a 100 tysięcy radzyński Tak
44%
z populacją między 51 tysięcy a 100 tysięcy węgrowski Tak
44%
z populacją mniejszą, niż 50 tysięcy włodawski Tak
44%
z populacją między 101 tysięcy a 150 tysięcy wodzisławski Nie
44%
z populacją między 101 tysięcy a 150 tysięcy bialski (Biała Podlaska) Tak
33%
z populacją między 51 tysięcy a 100 tysięcy działdowski Tak
33%
z populacją między 101 tysięcy a 150 tysięcy kłodzki Nie
33%
z populacją mniejszą, niż 50 tysięcy wschowski Tak
33%
z populacją między 101 tysięcy a 150 tysięcy kartuski Tak
22%
Nie znaleziono quizów pasujących do podanych kryteriów
Rozkład punktacji
Procent ludzi z każdym wynikiem
Percentyl według liczby udzielonych odpowiedzi
Twoja historia wyników
Nie rozwiązałeś tego quizu